000 00260nam a22001097a 4500
999 _c66984
_d66981
082 _aPIE
100 _aPiel Jonalhan
245 _aScientific American: Voyager traiumph in space
260 _aNew York
_bScientific American:
_c1986
300 _a130
942 _cBK